00810nam a22001937a 4500003000200000005001700002008004100019050002100060100001900081245012600100260007300226300002800299504005300327650003900380650005600419650004000475650004100515650006000556020250109092443.0250108b xxu||||| |||| 00| 0 eng d aRC 560b.U9 2024 aUy, Airand J.  aCompulsive sexual behavior and self-blame as correlates to symptoms of Alexithymia of sexual abuse victimscAinrand J. Uy aLas Piñas CitybSouthville International School and Collegesc2024 ax, 429 pages ; c29cm.  aIncludes bibliographical references and index.  aSexual abuse victims—Psychology. aCompulsive sexual behavior—Psychological aspects. aSelf-blame—Psychological aspects. aAlexithymia—Psychological aspects. aPost-traumatic stress disorder—Psychological aspects.